LEADER 01275nam a2200289 a 4500 001 000000153652 003 CaOOAMICUS 005 20160908100640.0 008 160908s2016 gw u000 u ger r 020 $a978-3-7917-2779-0* 032 $aLibriCat 040 $aPUL$bita 100 1 $aWerner, Gunda,$d1971-$0(OLS)http://pul/name/97775 245 14$aDie Freiheit der Vergebund :$beine freiheitstheoretische Reflexion auf die Prärogative Gottes im sakramentalen Bussgeschehen /$cGunda Werner. 260 $aRegensburg :$bPustet,$c©2016. 300 $a387 p. ;$c24 cm. 490 1 $aRatio fidei ;$vBd. 59 504 $aBibliografia in nota. 650 4$aPerdono.$0(OLS)http://pul/subject/20240 830 0$aRatio fidei ;$vBd. 59.$0(OLS)http://pul/title/99457 850 $aPUL 852 $aPUL$W1$xSL Religione 1$y3$m57 M 59$j176775$qStampati$B179572$CPULBib$Z2$F179572 $H128134 $81 941 1 $a8 996 $6020$a978-3-7917-2779-0*$9(OLS)http://pul/number/160963 996 $6245$aDie Freiheit der Vergebund :$beine freiheitstheoretische Reflexion auf die Prärogative Gottes im sakramentalen Bussgeschehen$9(OLS)http://pul/title/193133 996 $6260$aRegensburg :$bPustet$9(OLS)http://pul/publisher/61617 LEADER 01489nam a2200337 a 4500 001 000000142080 003 CaOOAMICUS 005 20150303141353.0 008 150303s2011 it u000 u ita r 020 $a978-88-6244-166-7 040 $aPUL$bita 082 04$a232 100 1 $aDal Covolo, Enrico,$cSDB, vescovo,$d1950-$0(OLS)http://pul/name/6077 245 13$aIl Gesù di papa Ratzinger :$bnon è ancora chiusa la "questione Gesù" /$cEnrico Dal Covolo, Michele Giulio Masciarelli. 260 $aTodi :$bTau Editrice,$c©2011. 300 $a50 p. ;$c17 cm 490 1 $aFedelmente. Spiritualità ;$v11 600 04$aBenedictus PP. XVI,$d1927-2022$xTeologia.$0(OLS)http://pul/subject/37588 650 4$aCristologia.$0(OLS)http://pul/subject/1402 700 1 $aMasciarelli, Michele Giulio.$0(OLS)http://pul/name/6689 830 0$aFedelmente.$pSpiritualità ;$v11.$0(OLS)http://pul/title/179852 850 $aPUL 852 $aPUL$W1$xDP2 Religione 3$y114$m232 DALEN 1$j164012$qDDC 21$B164084$CPULBib$Z2$F164084 $H120321 $82 941 1 $a9 960 $aIesus Christus$91402 960 $aIesus Christus$91402 996 $6020$a978-88-6244-166-7$9(OLS)http://pul/number/157115 996 $6082$a232$9(OLS)http://pul/classification/381 996 $6245$aIl Gesù di papa Ratzinger :$bnon è ancora chiusa la "questione Gesù"$9(OLS)http://pul/title/179851 996 $6260$aTodi :$bTau Editrice$9(OLS)http://pul/publisher/81367